LIBRARY & INFORMATION CENTRE, KCAET, TAVANUR

ONLINE PUBLIC ACCESS CATALOGUE (OPAC)

Principles of Agricultural Engineering Vol.1 and Vol.11 (Record no. 18987)

MARC details
000 -LEADER
fixed length control field 00371nam a22001457a 4500
003 - CONTROL NUMBER IDENTIFIER
control field OSt
008 - FIXED-LENGTH DATA ELEMENTS--GENERAL INFORMATION
fixed length control field 250108b |||||||| |||| 00| 0 eng d
041 ## - LANGUAGE CODE
Language code of text/sound track or separate title eng
100 ## - MAIN ENTRY--AUTHOR NAME
Personal name Michael, AM
245 ## - TITLE STATEMENT
Title Principles of Agricultural Engineering Vol.1 and Vol.11
250 ## - EDITION STATEMENT
Edition statement 2nd
260 ## - PUBLICATION, DISTRIBUTION, ETC. (IMPRINT)
Place of publication New Delhi:
Name of publisher Jain Brothers,
Year of publication 1981.
700 ## - ADDED ENTRY--PERSONAL NAME
Personal name Ojha, TP
942 ## - ADDED ENTRY ELEMENTS (KOHA)
Koha item type Books
Holdings
Withdrawn status Lost status Damaged status Home library Current library Date acquired Cost, normal purchase price Accession Number Koha item type
Withdrawn     KAUAET KAUAET 08/01/2025 40.00 14536 Books
Withdrawn     KAUAET KAUAET 08/01/2025 40.00 14537 Books
Withdrawn     KAUAET KAUAET 08/01/2025 40.00 14539 Books
free website counter